| 000 | 00646cab a2200241 4500 | ||
|---|---|---|---|
| 001 | ABS60451 | ||
| 008 | 090401t1999 xxu||||| |||| 00| 0 eng d | ||
| 035 | _a(Sirsi) u92632 | ||
| 041 | _aeng | ||
| 245 | _aOccupier `99: call centres and serviced offices | ||
| 260 | _c1999 | ||
| 350 | _a0 | ||
| 490 |
_aEstates Gazette _v(9911) 20 March 1999, 71-102(13) |
||
| 650 | _aCALL CENTRES | ||
| 650 | _aGLASGOW | ||
| 650 | _aHIGH TECHNOLOGY INDUSTRY | ||
| 650 | _aOCCUPIER SURVEY | ||
| 650 | _aSERVICED OFFICES | ||
| 650 | _aYORK | ||
| 690 | _aPROPERTY-COMMERCIAL PROPERTY-COMMERCIAL PROPERTY MARKET | ||
| 942 | _n0 | ||
| 948 | _c08/04/1999 | ||
| 999 |
_c58704 _d58704 |
||